00468nam a2200157Ia 45000010006000000050017000060080041000230410008000640820013000721000037000852450135001222600009002573000028002666500008002946540008003022112720260306172856.0260306t2010||||xx |||||||||||||| ||spa|| aESP a344bU61 aUniversidad Andina de CuscoeAUT 0aJornada internacional de derecho penal:bproblemas actuales de la teoría del delito y el derecho penal ante los retos del futuro c2010 a122 páginas :c24 cm. aGEN aCDE